Photometric analysis: Methods of determinig non metals (Record no. 34182)

MARC details
000 -LEADER
fixed length control field 00321nam a2200121Ia 4500
082 ## - DEWEY DECIMAL CLASSIFICATION NUMBER
Classification number 546.1/.2
Item number BAB
100 ## - MAIN ENTRY--AUTHOR NAME
Personal name Babko, A K
245 #0 - TITLE STATEMENT
Title Photometric analysis: Methods of determinig non metals
260 ## - PUBLICATION, DISTRIBUTION, ETC. (IMPRINT)
Place of publication Moscow
Name of publisher Mir
Year of publication 1976
700 ## - ADDED ENTRY--PERSONAL NAME
Personal name Pilipenko, A T
942 ## - ADDED ENTRY ELEMENTS (KOHA)
Koha item type Books
Holdings
Withdrawn status Lost status Damaged status Not for loan Home library Current library Date acquired Cost, normal purchase price Full call number Accession Number Koha item type
        RRII Library RRII Library 16/12/2021 11.50 546.1/.2 BAB 14622 Books